000 00515nam a2200205Ia 4500
008 170918s9999 xx 000 0 und d
020 _a689842554
050 _bS516 2001
100 _aSewell, Anna
245 _aBlack beauty /
245 _cAnna Sewell ; foreword by Carol Fenner.
260 _aNew York :
260 _bSimon & Schuster Paperbacks,
260 _c2001
300 _a209 pages :
300 _bcolored illustration ;
300 _c19cm.
440 _aAladdin classics.
500 _a1010
999 _c342373
_d342373